Victoria Ken : (Record no. 195910)
[ view plain ]
| 000 -LEADER | |
|---|---|
| campo de control de longitud fija | 00982nam a22002535a 4500 |
| 008 - DATOS DE LONGITUD FIJA--INFORMACIÓN GENERAL | |
| campo de control de longitud fija | 240802b2019 sp ||||| |||| 00| 0 spa d |
| 017 ## - NÚMERO DE COPYRIGHT O DE DEPÓSITO LEGAL | |
| Número de copyright o de depósito legal | M 2968-2019 |
| 020 ## - NÚMERO INTERNACIONAL ESTÁNDAR DEL LIBRO | |
| Número Internacional Estándar del Libro | 9788499071008 |
| 100 1# - ENTRADA PRINCIPAL--NOMBRE DE PERSONA | |
| 9 (RLIN) | 137794 |
| Nombre de persona | Villena, Miguel Ángel |
| 245 ## - MENCIÓN DEL TÍTULO | |
| Título | Victoria Ken : |
| Resto del título | una pasión republicana / |
| Mención de responsabilidad, etc. | Miguel Ángel Villena ; correción: Gabriela Torregrosa |
| 260 ## - PUBLICACIÓN, DISTRIBUCIÓN, ETC. | |
| Lugar de publicación, distribución, etc. | Madrid |
| Nombre del editor, distribuidor, etc. | Prisanoticias colecciones |
| Fecha de publicación, distribución, etc. | 2019 |
| 300 ## - DESCRIPCIÓN FÍSICA | |
| Extensión | 141 pág. |
| Dimensiones | 23 cm |
| 336 ## - TIPO DE CONTENIDO | |
| Fuente | rdacontent |
| Término de tipo de contenido | Texto |
| 337 ## - TIPO DE MEDIO | |
| Fuente | rdamedia |
| Nombre/término del tipo de medio | sin mediación |
| 338 ## - TIPO DE SOPORTE | |
| Fuente | rdacarrier |
| Nombre/término del tipo de soporte | volumen |
| 490 ## - MENCIÓN DE SERIE | |
| Mención de serie | Mujeres en la historia |
| 500 ## - NOTA GENERAL | |
| Nota general | Catalogación provisional. Signatura: n-9030. Depósito J. |
| 541 ## - NOTA DE FUENTE DE ADQUISICIÓN DIRECTA | |
| Forma de adquisición | Donación |
| Fuente de adquisición | Autor |
| Fecha de adquisición | 2022-11-22 |
| Precio de compra | 17,50 € |
| 852 ## - LOCALIZACIÓN | |
| Ubicación | ES-MaACL |
| Sublocalización o colección | R. 153532 |
| Ubicación en estantería | Depósito J |
| Signatura | N-9030 |
| Parte de la signatura que corresponde a la clasificación (Parte de la clasificación) | Donación: Miguel Ángel Villena |
| Nota no pública | Cartoné |
| Nota libre | En proceso |
| 942 ## - ELEMENTOS DE ENTRADA SECUNDARIOS (KOHA) | |
| Tipo de ítem Koha | Libro impreso |
| Suprimir en OPAC | No |
| 954 ## - CATALOGADORES | |
| Estado de la copia | Tatiana Alejandra de Castro Pérez |
| 955 ## - | |
| -- | 35 |
| -- | Tatiana Alejandra |
No items available.
